| 000 | 00715npc a2200229Ia 4500 | ||
|---|---|---|---|
| 001 | dg91-39866 | ||
| 003 | IT-MiCISF | ||
| 008 | 161014s9999||||xx | und|| | ||
| 040 |
_aIT-MiCISF _cIT-MiCISF |
||
| 041 | _aen | ||
| 100 | _aBodnarova Bernardina | ||
| 240 | _aDomestic Violence and Violence Against Women in Slovakia | ||
| 245 | 0 | _aDomestic Violence and Violence Against Women in Slovakia | |
| 250 | _a1a ed. | ||
| 260 |
_bBratislava Centre for Work and Family Studies _c2004 |
||
| 300 | _app. 74 | ||
| 500 | _a / violenza-in-famiglia, abuso-coniugale, abuso-di-minore / | ||
| 650 | _amaltrattamenti-violenza | ||
| 700 | _aFiladelfiova Jarmila | ||
| 942 | _cDD | ||
| 957 | _71 | ||
| 999 |
_a39866 _bsi _g1 _c207057 _d207057 |
||